Представление документа в формате MARC21

Поле Инд. ПП Название Значение
Тип записи a
Библиографический уровень m
001 Контрольный номер 0c27e7c6298149f9bf0c5278c7ea4163
005 Дата корректировки 20240628105038.3
084 a Индекс другой классификации/Индекс ББК 87
097 b Оператор Максимова
245 10 a Заглавие Вестник Московского университета. Серия 7. Философия
n Номер части/ раздела 1
260 c Дата издания 2024
900 a Имя макрообъекта 0000003818391
901 t Тип документа s